Die teuersten Fußballtransfers - Innenverteidiger - Statistiken

Allgemein
  • Dieses Quiz wurde 55 mal gespielt
  • Das Durchschnittsergebnis liegt bei 9 aus 10
Antwortstatistiken
Ablöse (M €) Saison Nationalität Abgebender Verein Aufnehmender Verein Spieler % Korrekt
85,50 2019-2020 Niederlande Ajax Amsterdam Juventus Turin Matthijs de Ligt
100%
67,00 2022-2023 Niederlande Juventus Turin Bayern München Matthijs de Ligt
100%
84,65 2017-2018 Niederlande Southampton FC Liverpool Virgil van Dijk
100%
90,00 2023-2024 Kroatien RB Leipzig Manchester City Josko Gvardiol
98%
87,00 2019-2020 England Leicester City Manchester United Harry Maguire
94%
55,60 2016-2017 England Everton Manchester City John Stones
81%
71,60 2020-2021 Portugal Benfica Manchester City Rúben Dias
81%
57,37 2022-2023 Argentinien Ajax Amsterdam Manchester United Lisandro Martínez
73%
65,00 2017-2018 Frankreich / Spanien Athletic Bilbao Manchester City Aymeric Laporte
69%
80,40 2022-2023 Frankreich Leicester City FC Chelsea Wesley Fofana
58%
Keine übereinstimmenden Quizze gefunden
Verteilung der Resultate
Anzahl Personen mit jedem Resultat
Perzentil nach korrekt beantworteten Fragen
Ihre Resultats-Entwicklung
Sie haben dieses Quiz noch nicht gespielt